| 000 | 00548nam a2200169 4500 | ||
|---|---|---|---|
| 001 | 144703 | ||
| 003 | ES-MaACL | ||
| 005 | 20230906201059.0 | ||
| 007 | t| | ||
| 008 | 070214s1973 sp r ||||1| spa d | ||
| 100 | 1 |
_aSkidelsky, Robert. _9106741 |
|
| 245 | 1 | 3 |
_aLa escuela progresiva _b: Abbothsholme, Summerhill, Gordonstoun / _cRobert Skidelsky ; [traducción: Peter Harling]. |
| 260 |
_aBarcelona : _bA. Redondo, _c1973 ( _fEmporium) |
||
| 300 |
_a271 p. ; _c20 cm. |
||
| 700 | 1 |
_aHarling, Peter. _961858 |
|
| 852 |
_aES-MaACL _jC-52011 _bR.85240 |
||
| 999 |
_c144703 _d144703 |
||